000 01755nam0a2200361 4500
001 RU\NLR\bibl\1007206
005 20260406075645.0
021 _aRU
_b2006-861п
_930
035 _a(NLR Aleph) 000994860
090 _a541777
_c541777
100 _a20061114d2006 |||y0rusy50 ca
101 0 _arus
102 _aRU
105 _aac |||||||||
200 1 _aАрхитектура России в ее иконе
_e[города, монастыри и церкви в иконописи ХVI-ХIХ веков из собрания Музея-заповедника "Коломенское"
_fавт.-сост. Ольга Полякова]
210 _aМосква
_c[б.и.]
_d2006
215 _a250, [1 с.
_cцв.ил., портр.
_d30
225 1 _aWAM: World Art Музей
_x1726-3050
_vN 19/20
320 _aБиблиогр.: с. 240 (30 назв.)
601 0 2 _a"Коломенское", музей-заповедник
_cМосква, город
_xКоллекция иконописи
_92446127
_3RU\NLR\auth\661454814
606 1 _aАрхитектура русская
_jДокументы и материалы
_z16 - 19 вв.
_92446123
_3RU\NLR\auth\661454812
606 1 _aИконопись русская
_xТематика
_z16 - 19 вв.
_92446125
_3RU\NLR\auth\661454813
686 1 _aЩ113(2Р=Рус)5,1
686 1 _aЩ143(2Р=Рус)5-465.6л61
686 1 _aЩ101.3(2Р)-2Москва2"Коломенское"
702 1 _4040
_7ca
_8rus
_aПолякова
_bО. А.
_f1952-
_cхудожник
_gОльга Александровна
_3RU\NLR\AUTH\770176170
_9176119
801 0 _aRU
_bNLR
_c20061114
_grcr
801 1 _aRU
_bNLR
_c20061114
852 _aNLR
_jП32/544
942 _cBOOK
980 _aNB